Land of the Seven Rivers : a brief history of IndiasGeography
| מחבר ראשי: | |
|---|---|
| פורמט: | לא ידוע |
| יצא לאור: |
Penguin Books
|
| LEADER | 00224 a2200085 4500 | ||
|---|---|---|---|
| 020 | |a 9780143420934 | ||
| 100 | |a Sanjeev Sanyal | ||
| 245 | |a Land of the Seven Rivers : a brief history of IndiasGeography | ||
| 260 | |b Penguin Books | ||
| 999 | |c 42011 |d 42011 | ||